Biblioteca y Centro de Documentación

Dictamen 7/2005, sobre el Anteproyecto de ley por el que se regulan los derechos de acceso a la información, de participación pública y de acceso a la justicia en materia de medio ambiente (Registro nro. 44033)

Detalles MARC
000 -CABECERA
Longitud fija campo de control 01776nam a2200385 c 4500
001 - NÚMERO DE CONTROL
Número de control 44033
003 - IDENTIFICADOR DE NÚMERO DE CONTROL
Identificador del número de control ES-MaCES
005 - FECHA Y HORA DE LA ÚLTIMA TRANSACCIÓN
Fecha y hora de la última transacción 20210721182338.0
007 - PHYSICAL DESCRIPTION FIXED FIELD--GENERAL INFORMAT
Campo fijo de descripción física cr |||||||||||
008 - CAMPO FIJO DE DESCRIPCIÓN FIJA--INFORMACIÓN GENERAL
Códigos de información de longitud fija   060215s2005 sp |||||||||||00||0 spa|d
035 ## - NÚMERO DE CONTROL DEL SISTEMA
Número de control del sistema 0008600000171
040 ## - FUENTE DE CATALOGACIÓN
Centro catalogador de origen ES-MaCES
Lengua de catalogación spa
Centro transcriptor ES-MaCES
245 00 - MENCIÓN DE TÍTULO
Título Dictamen 7/2005, sobre el Anteproyecto de ley por el que se regulan los derechos de acceso a la información, de participación pública y de acceso a la justicia en materia de medio ambiente
300 ## - DESCRIPCIÓN FÍSICA
Extensión 8 p. (138,4 kb)
500 ## - NOTA GENERAL
Nota general enmienda parcial de modificación presentada por Claudio Cabaleiro Villanueva, con la presencia de 41 consejeros, quedó rechazada con 17 votos a favor y 23 en contra
593 ## - CES. DATOS DICTAMEN
Comisión de trabajo Políticas Sectoriales y Medio Ambiente
Identificador D-007-2005
Fecha dictamen 20050928
Tipo trámite Ordinaria
Tipo sesión Pleno extraordinario
Votos aprobados Presentes 41: 37 sí, 3 no, 1 abst.
650 #4 - ASIENTO SECUNDARIO DE MATERIA--TÉRMINO DE MATERIA
Término de materia o nombre geográfico como elemento inicial régimen jurídico
9 (RLIN) 29894
650 #4 - ASIENTO SECUNDARIO DE MATERIA--TÉRMINO DE MATERIA
Término de materia o nombre geográfico como elemento inicial España
9 (RLIN) 26964
650 #4 - ASIENTO SECUNDARIO DE MATERIA--TÉRMINO DE MATERIA
Término de materia o nombre geográfico como elemento inicial administración de justicia
9 (RLIN) 27204
650 #4 - ASIENTO SECUNDARIO DE MATERIA--TÉRMINO DE MATERIA
Término de materia o nombre geográfico como elemento inicial intervención estatal
9 (RLIN) 29380
650 #4 - ASIENTO SECUNDARIO DE MATERIA--TÉRMINO DE MATERIA
Término de materia o nombre geográfico como elemento inicial acceso a la información
9 (RLIN) 29226
650 #4 - ASIENTO SECUNDARIO DE MATERIA--TÉRMINO DE MATERIA
Término de materia o nombre geográfico como elemento inicial divulgación de la información
9 (RLIN) 29540
653 10 - TÉRMINO DE INDEXACIÓN--NO CONTROLADO
Término no controlado Derecho civil
650 #4 - ASIENTO SECUNDARIO DE MATERIA--TÉRMINO DE MATERIA
9 (RLIN) 28715
Término de materia o nombre geográfico como elemento inicial medio ambiente
700 1# - ENCABEZAMIENTO SECUNDARIO--NOMBRE PERSONAL
Nombre de persona González-Gil de Bernabé, José Manuel
Término indicativo de función interviniente
9 (RLIN) 13817
700 1# - ENCABEZAMIENTO SECUNDARIO--NOMBRE PERSONAL
Nombre de persona Burgos Díaz, Luis
Término indicativo de función interviniente
9 (RLIN) 8492
700 1# - ENCABEZAMIENTO SECUNDARIO--NOMBRE PERSONAL
Nombre de persona Suárez-Llanos Rodríguez, José Antonio
Término indicativo de función interviniente
9 (RLIN) 24536
700 1# - ENCABEZAMIENTO SECUNDARIO--NOMBRE PERSONAL
Nombre de persona Cabaleiro Villanueva, Claudio
Término indicativo de función interviniente
9 (RLIN) 8570
710 1# - ENCABEZAMIENTO SECUNDARIO--NOMBRE CORPORATIVO
Nombre de entidad o nombre de jurisdicción como elemento inicial España
Unidad subordinada Ministerio de Medio Ambiente
Término indicativo de función solicitante
9 (RLIN) 3259
700 1# - ENCABEZAMIENTO SECUNDARIO--NOMBRE PERSONAL
9 (RLIN) 11498
Nombre de persona Estrada López, Bruno
Término indicativo de función ponente
856 ## - ACCESO ELECTRÓNICO
Identificador Uniforme del Recurso (URI) <a href="http://www.ces.es/documents/DIC/2005/07">http://www.ces.es/documents/DIC/2005/07</a>
Texto del enlace texto completo
902 ## - CES. TIPO DE DOCUMENTO
Tipodoc (006$c Sirtex) Dictamen
942 ## - ELEMENTOS KOHA
Fuente de clasificaión o esquema Clasificación propia del CES
Koha [por defecto] tipo de item Dictámenes/Informes/Memorias CES
Parte de clasificación 6.0.7.

No hay ítems disponibles.

© CES, Consejo Económico y Social de España 2021